| 000 | 00471nam a2200181Ia 4500 | ||
|---|---|---|---|
| 005 | 20260429112036.0 | ||
| 008 | 260429s9999||||xx |||||||||||||| ||und|| | ||
| 020 | _a9781804893661 | ||
| 041 | _aEnglish | ||
| 082 |
_a339 _bBRO |
||
| 100 | _aBrooks, Lyra | ||
| 245 | 0 |
_aMacroeconomics / _cLyra Brooks |
|
| 260 |
_aUnited Kingdom : _bBrilliant Publication Ltd. , _c2025. |
||
| 300 | _ax, 272 p.; hb | ||
| 650 | _a Economics | ||
| 650 | _aMacroeconomics | ||
| 942 | _cTB | ||
| 999 |
_c52047 _d52047 |
||